| 000 | 00340 a2200133 4500 | ||
|---|---|---|---|
| 999 |
_c324882 _d324882 |
||
| 001 | 89809 | ||
| 003 | NUST | ||
| 082 | _a070.92 SUL | ||
| 100 |
_aSuleri Sara goodyear _99839 |
||
| 245 |
_aBoys will be boys _cSara Suleri Goodyear |
||
| 260 |
_aLahore _bIlqa Publications _c2003 |
||
| 300 | _avi, 122p. | ||
| 500 | _aGeneral Books | ||
| 942 |
_aCAE NUST _cBK _k070.92 SUL _2ddc |
||